Reseña de la Era GATT (Registro nro. 25543)
[ vista simple ]
| 000 -LEADER | |
|---|---|
| fixed length control field | 00337 a2200121 4500 |
| 001 - CONTROL NUMBER | |
| control field | ART_11406 |
| 005 - DATE AND TIME OF LATEST TRANSACTION | |
| control field | 20260410161857.0 |
| 008 - FIXED-LENGTH DATA ELEMENTS--GENERAL INFORMATION | |
| fixed length control field | 260409a |
| 100 1# - MAIN ENTRY--PERSONAL NAME | |
| Personal name | Gastaldi, Santiago |
| 245 10 - TITLE STATEMENT | |
| Title | Reseña de la Era GATT |
| 700 1# - ADDED ENTRY--PERSONAL NAME | |
| Personal name | Ferro, Gustavo |
| 773 0# - HOST ITEM ENTRY | |
| Title | Revista de Economía |
| Related parts | - Nº 76 (ene./mar.1995) |
| Record control number | REV11077 |
No hay ítems disponibles.